[Event "18th Rochefort Open 2019"]
[Site "Rochefort"]
[Date "2019.02.16"]
[Round "1.1"]
[White "Van den Doel, Erik"]
[Black "Spiridonov, Nikola"]
[Result "1-0"]
[WhiteElo "2611"]
[BlackElo "2139"]
[Annotator "TA"]
[PlyCount "79"]
[EventDate "2019.02.16"]
[EventType "swiss"]
[EventCountry "FRA"]
[SourceTitle "playchess.com"]
[Source "ChessBase"]
[SourceQuality "1"]

{[%evp 13,79,29,67,66,76,59,94,39,24,16,67,61,99,114,111,94,89,112,87,72,112,95,102,108,155,162,160,156,164,157,159,148,214,207,212,215,216,164,189,180,167,170,488,474,472,462,424,439,549,539,764,754,876,862,935,913,768,787,1014,1002,907,1255,1173,995,5720,5591,5193,4118]} 1. d4 Nf6 2. Nf3 g6 3. Bg5 Ne4 4. Bh4 Bg7 5. e3 c5 6. c3 d5 7. Nbd2 Qb6 8. Nxe4 {D03: 1 d4 d5 2 Nf3 Nf6 3 Bg5, including Torre Attack with early ...d5} dxe4 9. Nd2 Qxb2 10. Nxe4 (10. Rc1 $16) 10... cxd4 $14 11. cxd4 Qb4+ $146 (11... O-O $11) ({Predecessor:} 11... Nc6 12. Be2 Bf5 13. Nd2 Nxd4 14. exd4 Qxd4 15. g4 Bxg4 16. Bxg4 Qxa1 17. Qxa1 Bxa1 {½-½ (110) Chibukhchian,A (2498)-Melkumyan,H (2583) Yerevan 2010}) 12. Qd2 Nc6 13. Qxb4 Nxb4 14. Rb1 $36 {[%mdl 2048] White has strong initiative.} Bf5 {Threatening ...Nc2+.} 15. f3 Nd5 16. Kd2 O-O 17. g4 Bc8 18. Bc4 e6 19. Bxd5 exd5 20. Nd6 f6 21. Nxc8 Rfxc8 22. Rxb7 Rc4 (22... a5 $16 {might work better.} 23. Rhb1 Rc4) 23. Rc1 $18 Ra4 24. Rc2 Re8 25. Kd3 Bh6 26. e4 dxe4+ 27. fxe4 f5 $2 {[#]} (27... Ra3+ 28. Rb3 Ra6) 28. gxf5 {White is clearly winning.} gxf5 29. e5 Ra3+ 30. Rb3 Ra6 31. Bf6 f4 32. d5 Kf7 33. Rc6 Rxc6 34. Rb7+ Kg6 35. dxc6 Rc8 36. c7 Bg5 37. Bxg5 Kxg5 38. Ke4 a5 39. Kd5 f3 40. Kd6 {Accuracy: White = 81%, Black = 30%.} 1-0

[Event "18th Rochefort Open 2019"]
[Site "Rochefort"]
[Date "2019.02.16"]
[Round "1.2"]
[White "Bareyre, Patrick"]
[Black "Martinez Duany, Lelys Stanley"]
[Result "1-0"]
[WhiteElo "2136"]
[BlackElo "2547"]
[Annotator "TA"]
[PlyCount "155"]
[EventDate "2019.02.16"]
[EventType "swiss"]
[EventCountry "FRA"]
[SourceTitle "playchess.com"]
[Source "ChessBase"]
[SourceQuality "1"]

{[%evp 12,155,-10,-2,-3,0,-1,-8,-6,-17,-18,-14,-1,-8,24,28,14,24,19,0,6,-7,-6,-15,-6,-11,-6,-25,-18,-17,47,-10,-8,-51,-46,-33,-40,-54,-14,-35,12,0,-1,-16,-18,-78,-4,-47,-47,-47,-53,-57,-37,-37,-33,-71,-84,-77,-91,-96,0,-91,-73,-68,-57,-70,-3,-25,47,-110,-123,-126,0,0,0,0,0,0,227,227,227,233,252,242,290,270,408,408,438,427,398,350,322,287,463,462,489,410,6124,6111,6083,6083,5789,5689,29960,29959,29960,29961,29976,29977,29977,29969,29968,29970,29970,29968,29968,29955,29954,29956,29948,29942,12181,12463,12643,5256,5250,12847,29971,29972,29972,29974,29974,29975,29975,29976,29976,29977,29980,29981,29985,29986,29986,29987,29988,29989]} 1. d4 Nf6 2. Bf4 g6 3. Nd2 Bg7 4. e3 d6 {[%cal Bd7d6,Bd6e5][%mdl 32]} 5. h3 O-O 6. Ngf3 Nc6 7. Bc4 Qe8 {A48: 1 d4 Nf6 2 Nf3 g6: Torre, London and Colle Systems} 8. O-O e5 9. dxe5 (9. Bh2 Bf5 10. c3 Rd8 11. b4 Ne4 12. Nxe4 Bxe4 13. Nd2 Bf5 14. Nb3 {½-½ (30) Bagirov,R (2504)-Chadaev,N (2459) Moscow 2006}) 9... dxe5 {The position is equal.} 10. Bh2 e4 11. Nd4 Ne5 $146 ({Predecessor:} 11... Nxd4 12. exd4 Qc6 13. c3 b6 14. Re1 Bb7 15. Bf1 {1-0 (52) Feibert,F (2225)-Becker,M Landau 1988}) 12. Be2 a6 13. b4 Nd5 14. Nxe4 Nxb4 15. c3 Nbc6 {[%cal Bb4c6,Bc6a5,Ba5c4][%mdl 32]} 16. Qb3 b6 17. Rad1 Na5 18. Qb1 Bb7 19. Nd2 Rd8 20. Rfe1 c5 ({Black should play} 20... Qe7 $11) 21. N4b3 (21. Qxb6 $14 cxd4 22. cxd4) 21... Qc6 {[%csl Gb7][%cal Rc6g2]} 22. Nf3 Nac4 23. Rxd8 Rxd8 24. Rd1 Re8 25. Nbd2 Nd6 26. c4 b5 {[%cal Re5c4]} 27. cxb5 axb5 28. Nb3 (28. Bxe5 $11 Rxe5 29. Nb3) 28... Ba8 (28... Ra8 $1 $17) 29. Qc2 c4 30. Nbd4 Qc5 31. Nxe5 Bxe5 32. Bxe5 Rxe5 33. Bf3 Re8 34. Nb3 Qa3 35. Nd4 Qc5 36. Nb3 $1 {[%cal Rb3c5]} Qb6 37. Nd4 Bxf3 38. Nxf3 b4 (38... Qc5 $15) 39. Qa4 $1 $11 {Strongly threatening Rxd6!} Rd8 (39... Re7 $11) 40. Nd4 $2 {[#]} (40. Ne5 $14) 40... Ne4 $1 $17 {[%cal Re4c3] ...Nc3 is the strong threat.} 41. Rb1 {[#]} b3 (41... Rb8 $1 $17 {Hoping for ...Nc3.} 42. Qd7 Qb7 43. Qxb7 Rxb7) 42. Rb2 $1 $11 Rxd4 43. Qe8+ Kg7 44. Qe5+ Qf6 $2 (44... Kh6 $1 $11 45. exd4 Qa6) 45. Qxf6+ $18 Kxf6 46. exd4 bxa2 ({Much worse is} 46... c3 $6 47. Rxb3 Ke6 48. Rb8 $16) 47. Rxa2 {[%mdl 4096] Endgame KR-KN} Ke6 48. Ra5 f6 (48... Kd6 $142 49. f3 Ng3) 49. f3 Nc3 50. Rc5 Ne2+ 51. Kf2 Nxd4 52. Rxc4 Ke5 $2 (52... Nf5 53. Rc6+ Kf7) 53. g4 f5 54. Rc7 h5 (54... h6 $142 55. Rh7 fxg4 56. hxg4 Kf4) 55. gxh5 gxh5 56. Rh7 Kf4 57. Rxh5 Nxf3 58. Rh8 Ne5 59. Rg8 Nf7 60. h4 Nh6 61. Rg7 Ng4+ 62. Kg2 Nf6 63. Kh3 Nh5 64. Rg6 Ke4 65. Rg5 Nf4+ 66. Kg3 Ne2+ 67. Kf2 Nf4 68. Rg8 (68. Rg3 $142 Nh5 69. Ra3) 68... Nh5 69. Ra8 (69. Rb8 $142 Nf6 70. Rb4+ Ke5 71. Kf3) 69... Nf6 70. Ra4+ {White mates.} Ke5 71. Kf3 Nh5 72. Ra6 Ng7 73. Rg6 Nh5 74. Rg5 Nf4 75. h5 {[%cal Bh4h5,Bh5h6][%mdl 32]} Ne6 76. Rg8 Nd4+ 77. Kf2 Nc6 78. h6 {Precision: White = 50%, Black = 54%.} 1-0

[Event "18th Rochefort Open 2019"]
[Site "Rochefort"]
[Date "2019.02.16"]
[Round "1.3"]
[White "Zeng, Chongsheng"]
[Black "Maleki, Nicolas"]
[Result "1-0"]
[WhiteElo "2544"]
[BlackElo "2136"]
[Annotator "TA"]
[PlyCount "133"]
[EventDate "2019.02.16"]
[EventType "swiss"]
[EventCountry "FRA"]
[SourceTitle "playchess.com"]
[Source "ChessBase"]
[SourceQuality "1"]

{[%evp 26,133,9,13,20,30,24,34,25,0,19,27,38,28,33,41,33,14,102,111,97,41,42,27,43,27,68,62,56,61,65,47,60,8,8,18,11,8,8,10,10,3,37,26,111,93,233,216,235,312,562,570,537,534,532,709,701,692,629,662,657,646,642,642,813,813,787,792,781,756,704,608,5102,4345,4173,1854,2411,2337,2243,2204,1533,1198,29976,29977,29977,29974,29974,29975,29974,29973,29973,29973,29973,29972,29969,29969,29962,29965,29968,29969,29965,29963,29961,29964,29963,29963,29972,29971,29985,29986]} 1. e4 c6 2. d4 d5 3. Nd2 dxe4 4. Nxe4 Bf5 5. Ng3 Bg6 6. h4 h6 7. Nf3 Nd7 8. h5 Bh7 9. Bd3 Bxd3 10. Qxd3 e6 11. Bd2 Ngf6 12. O-O-O Be7 13. Kb1 O-O 14. Ne4 Nxe4 {B19: Classical Caro-Kann: 4...Bf5 main line} (14... c5 15. g4 Nxg4 16. Qe2 Qb6 17. Ne5 Ndxe5 18. dxe5 f5 19. exf6 Nxf6 20. Nc3 Rad8 21. Rhg1 Kh8 22. Rg6 {½-½ (38) Saric,I (2662)-Nisipeanu,L (2672) Heraklio 2017}) 15. Qxe4 Nf6 16. Qe2 Qd5 {White is slightly better.} 17. Be3 Rfd8 18. Ne5 c5 {[%cal Rc5d4]} ({Reject} 18... Qxg2 $6 {[#]} 19. Bxh6 $1 {[%mdl 512]} Qe4 20. Qxe4 $16) 19. f3 cxd4 20. Bxd4 {And now Ng6! would win.} Qa5 21. Rhe1 {Nxf7! is the strong threat.} Bb4 $146 (21... Bc5 $11 22. Nc4 Qc7 23. Bxf6 gxf6) ({Predecessor:} 21... Qc7 22. g4 {1-0 (48) Gvanceladze,A (2238)-Afanasieva,A (1950) Moscow 2017}) 22. c3 $16 {Black must now prevent g4.} Bd6 23. g4 ({White should try} 23. Nxf7 $16 Qf5+ 24. Rd3 Kxf7 25. g4) 23... Bxe5 $1 $14 24. Bxe5 Nd7 25. Bd6 {Strongly threatening Be7.} Nb6 26. Bb4 Qg5 27. c4 Rxd1+ 28. Rxd1 Rd8 29. Rxd8+ ({White should play} 29. Rd3 $14) 29... Qxd8 $11 30. b3 {[%cal Bb2b3,Bb3b4][%mdl 32]} Qd4 31. Ba3 Nd7 32. Bb2 Qg1+ 33. Kc2 Qc5 34. Bc3 Nb8 (34... Qa3 $11 {remains equal.}) 35. b4 $36 {[%mdl 2048] Black is under strong pressure.} Qf8 (35... Qc8 $16) 36. Qe4 $18 b6 37. Qb7 a5 $2 (37... f6 38. Qxa7 Qd8) 38. bxa5 bxa5 39. Be5 {[%mdl 64] [#] Trapped Piece} Qc5 40. Qxb8+ Kh7 41. Qb5 Qf2+ 42. Kb3 Qxf3+ 43. Bc3 Qd1+ 44. Ka3 Qxg4 45. c5 Qf3 46. Qc4 Qc6 47. Bxa5 f5 48. Bc3 f4 49. Qd4 {[%csl Gc3][%cal Rd4g7]} Qa6+ 50. Kb3 {[%csl Gc3][%cal Rd4g7]} Qb7+ 51. Kc2 Qg2+ 52. Qd2 Qc6 53. Qxf4 Qxc5 54. Qf7 {[%csl Gc3][%cal Rf7g7] White mates.} e5 55. Qg6+ Kh8 56. Qe8+ Kh7 57. Qxe5 {[%csl Gc3][%cal Re5g7]} Qf2+ 58. Kb3 {[%csl Gc3][%cal Re5g7]} Qf7+ 59. Kb4 Qb7+ 60. Kc4 Qa6+ 61. Kb3 {[%csl Gc3][%cal Re5g7]} Qb7+ 62. Kc2 Qg2+ 63. Kd3 Qf3+ 64. Kd2 {[%csl Gc3][%cal Re5g7]} Qg2+ 65. Qe2 Qg5+ 66. Kc2 g6 67. Qe4 {Accuracy: White = 73%, Black = 38%.} 1-0

[Event "18th Rochefort Open 2019"]
[Site "Rochefort"]
[Date "2019.02.16"]
[Round "1.4"]
[White "Pottier, Simeon"]
[Black "Demuth, Adrien"]
[Result "0-1"]
[WhiteElo "2123"]
[BlackElo "2519"]
[Annotator "TA"]
[PlyCount "96"]
[EventDate "2019.02.16"]
[EventType "swiss"]
[EventCountry "FRA"]
[SourceTitle "playchess.com"]
[Source "ChessBase"]
[SourceQuality "1"]

{[%evp 10,96,27,14,21,0,3,0,7,8,7,-15,7,0,0,0,0,-34,-55,-33,-35,-54,-52,-57,-46,-78,-64,-85,-90,-103,-35,-35,-38,-25,-29,-34,0,0,0,-42,-31,-22,-42,-35,-35,-72,-67,-80,-57,-53,-55,-62,-41,-125,-93,-102,-86,-84,-75,-148,-95,-104,-104,-104,-104,-104,-104,-104,-104,-167,-100,-176,-169,-198,-176,-762,-687,-642,-360,-407,-405,-673,-703,-1652,-1562,-29981,-29981,-29980,-29980]} 1. d4 f5 2. Nc3 Nf6 3. Bg5 d5 4. Bxf6 exf6 5. e3 Be6 6. Qf3 Nc6 {A80: Dutch Defence: Unusual White second moves} (6... Qd7 7. a3 Nc6 8. Bb5 a6 9. Ba4 b5 10. Bb3 Rd8 11. Nge2 Na5 12. Nf4 c6 13. a4 b4 14. Nce2 {1-0 (59) Bruzon Batista,L (2679)-Anton Guijarro,D (2616) Dubai 2016}) 7. Bb5 Qd7 8. Nge2 g5 {The position is equal.} 9. h4 {Black must now prevent hxg5.} O-O-O 10. O-O-O Kb8 $146 ({Predecessor:} 10... h6 11. Kb1 Kb8 12. Nc1 f4 13. Bxc6 bxc6 14. Qe2 fxe3 15. Qxe3 {½-½ (47) Ulybin,M (2520)-Stremavicius,T (2452) Police 2015}) 11. Kb1 a6 12. Bxc6 Qxc6 13. g4 Qd7 14. gxf5 Bxf5 15. Rdg1 Be7 16. Qg2 h6 17. hxg5 fxg5 18. Ng3 Bg6 19. Nh5 Bb4 (19... Qe6 $17 20. Qg4 Bf5) 20. Nf6 $1 $15 {[%cal Rf6d7]} Qf5 21. Nfxd5 Qxc2+ 22. Ka1 Ba5 23. Rc1 Qf5 $40 {[%mdl 128] Black has some attack.} 24. Ne7 Qe6 25. Nxg6 Qxg6 26. Ne4 Bb6 27. Nc5 Bxc5 28. Rxc5 Qf6 29. Qg3 Rd6 30. Rhc1 Rh7 31. d5 ({White should try} 31. f4 $15) 31... Re7 32. f4 gxf4 33. exf4 Qd4 34. Qa3 (34. f5 $142 Re2 35. R5c3) 34... Re3 (34... Qxf4 $142 35. Qc3 Qf7 36. Qh8+ Ka7) 35. R5c3 Rxc3 36. Qxc3 Qxc3 37. Rxc3 Rxd5 $17 {[%mdl 4096] Endgame ( -> ...Rd1+). KR-KR} 38. Kb1 Kc8 39. Kc2 {[#]} (39. Rg3 $17) 39... Kd7 ({Black should play} 39... h5 $1 $19 40. Rh3 Kd7) 40. Rh3 (40. Rg3 $17 {was necessary.}) 40... h5 $19 41. Rg3 Ke6 42. Rg7 $2 (42. Rh3) 42... Kf5 43. Rxc7 b6 44. Rf7+ Kg4 45. Rf6 (45. Rg7+ $142 Kxf4 46. Ra7) 45... h4 46. Rxb6 h3 47. Rxa6 h2 48. Rg6+ Kh4 {Accuracy: White = 36%, Black = 63%.} 0-1

[Event "18th Rochefort Open 2019"]
[Site "Rochefort"]
[Date "2019.02.17"]
[Round "2.1"]
[White "Coupet, Pascal"]
[Black "Van den Doel, Erik"]
[Result "1/2-1/2"]
[WhiteElo "2267"]
[BlackElo "2611"]
[Annotator "TA"]
[PlyCount "101"]
[EventDate "2019.02.16"]
[EventType "swiss"]
[EventCountry "FRA"]
[SourceTitle "playchess.com"]
[Source "ChessBase"]
[SourceQuality "1"]

{[%evp 11,101,11,11,0,20,16,19,19,17,18,27,8,8,12,20,18,13,8,19,15,35,16,17,22,42,29,31,34,62,65,75,64,60,22,43,0,5,-41,7,-11,-15,-89,56,-239,32,65,67,50,35,9,59,18,54,0,0,0,0,0,74,74,74,74,74,74,74,74,81,74,81,74,87,74,72,56,74,74,74,74,121,74,94,69,86,0,0,0,0,0,1,0,0,0]} 1. e4 e5 2. Nf3 Nc6 3. Bc4 Bc5 4. c3 Nf6 5. d3 d6 6. Bb3 h6 7. Nbd2 {C54: Giuoco Piano: 4 c3 Nf6, main lines with 5 d4 and 5 d3} Bb6 (7... O-O 8. h3 a5 9. O-O Be6 10. Bc2 b5 11. Re1 Qb8 12. Nb3 Bb6 13. a4 Qa7 14. Be3 Bxe3 15. Rxe3 bxa4 {½-½ (42) Ter Sahakyan,S (2563)-Petrosyan,M (2570) Yerevan 2018}) 8. O-O Ne7 9. Nc4 O-O 10. a4 c6 11. Nxb6 axb6 12. Re1 Ng6 13. d4 $146 ({Predecessor:} 13. h3 Qe7 14. Be3 c5 15. Bc2 Nh7 16. Qd2 Qf6 17. Kh2 Be6 18. d4 Rfd8 19. d5 Bd7 {½-½ (46) Guido,F (2365)-Royer,S (2210) Agneaux 1999}) 13... Qc7 14. h3 Bd7 15. Qd3 Rfe8 16. dxe5 dxe5 17. Be3 Rad8 18. Qc2 c5 19. Bc4 Bc6 20. Nd2 $1 Nf4 21. b4 Bd7 22. Qb3 Be6 23. Bxe6 Rxe6 24. a5 cxb4 25. cxb4 Rd3 26. axb6 {[#]} (26. Qc4 $11 Qd7 27. Bxf4) 26... Qd8 ({Black should play} 26... Qd7 $1 $17 27. Qc2 Rc6) 27. Qb2 $2 {[%mdl 8192] [#]} (27. Qa2 $14 {stays ahead.}) 27... Nd7 $2 (27... N6h5 $1 $19 28. Kh1 Rg6 29. Qxe5 Nxg2 30. Qxh5 Nxe3 31. fxe3 Rxd2) 28. Nf3 $14 Rg6 29. Bxf4 exf4 30. Qe2 Nxb6 31. Ra7 Rd7 32. Ne5 (32. e5 $14) 32... Rd2 $11 33. Qf3 Re6 34. Rxb7 ({But not} 34. Qxf4 Rf6 $17) 34... Rxe5 (34... Qc8 $11 35. Rxb6 (35. Rxf7 Rxe5 36. Qxf4 Nc4 $11) 35... Rxb6) 35. Qxf4 $16 {[%mdl 64] Double Attack} Rd7 {White must now prevent ...Rde7.} 36. Rxb6 $1 Qxb6 37. Qxe5 {Threatens to win with Qe8+.} Qxb4 {[%mdl 4096] Endgame KQR-KQR} 38. Ra1 Rd8 39. g3 Qb7 40. Kg2 Qd7 41. Rc1 Re8 42. Qd5 Qe7 43. Rc4 Rd8 44. Qc5 Qd7 45. Qc6 Qd3 46. e5 Qf5 47. Qc7 (47. Rc5 $16) 47... Re8 $1 $11 {The position is equal.} 48. Rf4 Qe6 49. g4 Re7 50. Qd8+ Re8 51. Qc7 {Accuracy: White = 39%, Black = 41%.} 1/2-1/2

[Event "18th Rochefort Open 2019"]
[Site "Rochefort"]
[Date "2019.02.17"]
[Round "2.2"]
[White "Lemeaux, David"]
[Black "Zeng, Chongsheng"]
[Result "0-1"]
[WhiteElo "2246"]
[BlackElo "2544"]
[Annotator "TA"]
[PlyCount "112"]
[EventDate "2019.02.16"]
[EventType "swiss"]
[EventCountry "FRA"]
[SourceTitle "playchess.com"]
[Source "ChessBase"]
[SourceQuality "1"]

{[%evp 17,112,0,6,-19,0,0,0,-9,0,0,0,-13,-15,-10,-14,-24,-16,-22,-12,-42,-13,-10,-10,-33,-30,-32,-32,-41,-34,-43,-26,-43,-20,-33,-31,-50,-50,-49,-27,-39,-8,-79,-4,-72,-79,-65,-56,-45,-50,-72,-31,-221,-225,-261,-228,-254,-246,-305,-210,-252,-207,-227,-207,-371,-205,-197,-202,-198,-198,-202,-200,-204,-202,-206,-183,-288,-280,-286,-250,-295,-297,-446,-446,-566,-577,-664,-614,-660,-663,-664,-659,-627,-645,-638,-637,-623,-618]} 1. d4 Nf6 2. Nf3 g6 3. Nc3 d5 4. Bf4 Bg7 5. e3 Bg4 6. Be2 O-O 7. h3 Bxf3 8. Bxf3 c6 9. O-O Nbd7 {LiveBook: 50 Games} 10. Ne2 {D00: 1 d4 d5: Unusual lines} (10. e4 dxe4 11. Nxe4 Nxe4 12. Bxe4 e5 13. dxe5 Nxe5 14. c3 Re8 15. Re1 Qf6 16. Bxe5 Rxe5 17. Bf3 Rae8 18. Rxe5 Qxe5 {½-½ (31) Chatalbashev,B (2602)-Spasov,V (2590) Bankia 2011}) 10... Qb6 $146 ({Predecessor:} 10... Re8 11. Rc1 e5 12. dxe5 Nxe5 13. Bxe5 Rxe5 14. c4 dxc4 15. Rxc4 Qb6 {½-½ (15) Stemmler,F (1931)-Huhs,S (2034) Dortmund 2016}) 11. Rb1 Rfe8 12. c3 {The position is equal.} a5 13. Nc1 e5 14. dxe5 (14. Bg3 {is more complex.} h5 15. Qc2 Nh7 16. Be2 Ng5 17. a4) 14... Nxe5 15. Bxe5 Rxe5 16. Nd3 Re7 17. Qb3 Qa6 18. Rfd1 Rae8 19. Rbc1 Nd7 20. Bg4 {Hoping for Bxd7.} Nb6 21. Be2 Qa7 22. Ne1 Nd7 {[%cal Bb6d7,Bd7c5,Bc5e6,Be6g7,Bg7f5][%mdl 32]} 23. Qc2 Nc5 24. Bf3 h5 25. Nd3 Ne6 26. h4 Bh6 27. g3 Ng7 28. Nf4 Qc5 29. c4 (29. a3 $11) 29... Bxf4 (29... d4 $1 $17 {[%cal Rd4e3]} 30. exd4 Qf5) 30. gxf4 {[#]} (30. exf4 $11 {keeps the balance.} d4 31. b3) 30... d4 $1 $17 {[%cal Rd4e3]} 31. Rxd4 Nf5 32. Rd3 Nxh4 33. Bh1 Qf5 34. Kf1 $2 ({White should try} 34. Kh2 $15) 34... Qh3+ $19 35. Ke2 Qh2 {White must now prevent ...Nf5.} 36. Rf1 Qxf4 $1 37. Qc3 Qf5 38. Kd2 Qh3 39. Ke2 Nf5 {Threatens to win with ...Rxe3+!} 40. Bf3 $2 {[#]} (40. Rg1 {was necessary.}) 40... c5 (40... Rxe3+ $142 $1 {[%mdl 512]} 41. Rxe3 Rxe3+ 42. fxe3 Ng3+ 43. Kf2 Nxf1) 41. Rh1 Nd4+ $1 42. Qxd4 Qxh1 $1 43. Qxc5 Qc1 44. Qd4 Qc2+ 45. Kf1 Qb1+ 46. Kg2 (46. Ke2 {was worth a try.}) 46... Re5 ({Don't play} 46... Qxa2 47. Ra3 $17) 47. Rd1 Rg5+ ({Resist} 47... Qxa2 48. Bxb7 Rg5+ 49. Kh3 $19) 48. Kf1 Qxa2 49. Bxb7 (49. Qc3 $142) 49... Rg4 {Black is clearly winning.} 50. e4 {If White can now play Bd5 this consolidates a bit.} Qb3 51. Bd5 Qf3 {( -> ...Rh4)} 52. Qd3 Qg2+ 53. Ke2 Rexe4+ 54. Bxe4 Rxe4+ 55. Kd2 Qxf2+ 56. Kc1 Qf4+ {Precision: White = 40%, Black = 60%.} 0-1

[Event "18th Rochefort Open 2019"]
[Site "Rochefort"]
[Date "2019.02.17"]
[Round "2.3"]
[White "Demuth, Adrien"]
[Black "Coursaget, Nicolas"]
[Result "1-0"]
[WhiteElo "2519"]
[BlackElo "2264"]
[Annotator "TA"]
[PlyCount "145"]
[EventDate "2019.02.16"]
[EventType "swiss"]
[EventCountry "FRA"]
[SourceTitle "playchess.com"]
[Source "ChessBase"]
[SourceQuality "1"]

{[%evp 10,145,29,34,51,51,54,31,38,39,32,45,48,33,54,45,55,52,51,44,131,81,75,12,10,25,22,20,16,14,14,8,9,0,0,0,0,-8,0,0,0,0,0,0,0,0,0,0,0,0,0,0,0,0,93,87,255,250,250,250,250,253,255,253,255,255,246,247,235,229,237,229,229,229,229,229,250,225,302,271,301,293,293,218,224,204,204,204,204,204,204,204,204,204,204,204,204,204,204,203,203,160,160,160,160,160,160,160,203,203,377,372,372,369,364,356,362,359,363,336,442,441,441,441,441,435,424,390,466,466,439,439,459,441,441,441,633,579]} 1. e4 Nf6 2. e5 Nd5 3. d4 d6 4. c4 Nb6 5. exd6 exd6 6. Nc3 Bf5 {B03: Alekhine's Defence: Four Pawns Attack} (6... Be7 7. h3 Nc6 8. Nf3 Bf5 9. Be3 O-O 10. g4 Bg6 11. h4 h6 12. h5 Bh7 13. Rg1 d5 14. g5 hxg5 15. Nxg5 Bxg5 16. Rxg5 Nb4 {0-1 (57) Harikrishna,P (2744)-Bortnyk,O (2610) Riadh 2017}) 7. Nf3 Be7 8. Be2 O-O {White is slightly better.} 9. O-O a5 10. Be3 $146 ({Predecessor:} 10. d5 Na6 11. Nd4 Bd7 12. a3 Nc5 13. Be3 a4 14. Qc2 Re8 15. Rad1 Bg5 16. Bxg5 Qxg5 {0-1 (29) Fries,K-Breustedt,W (2230) Wesel 1995}) 10... Na6 11. h3 h6 12. b3 a4 13. bxa4 Nb4 14. Rc1 Qd7 (14... Bf6 $14) 15. a3 Nc6 16. c5 ({Better is} 16. d5 $16 Na5 17. Nb5) 16... dxc5 $11 17. dxc5 Qxd1 18. Rfxd1 Nxa4 19. Nd5 {[#] aiming for Nd4.} Bd8 20. Bb5 Be4 21. Bf4 Nb2 22. Rd2 {Strongly threatening Nc3.} Rxa3 23. Nxc7 Nd3 24. Bxd3 $1 Bxc7 25. Bxc7 Rxd3 26. Rxd3 Bxd3 27. Rc3 Rc8 28. Bd6 Ba6 29. Re3 f6 30. Nh4 Nd4 31. Re4 Nb3 {[#]} (31... Nc6 $11 {remains equal.}) 32. Nf5 $1 $16 {[%cal Rf5e7]} Kf7 $2 (32... Kh8 $16) 33. Re7+ $18 Kg6 34. g4 {[%csl Gf5][%cal Re7g7]} ({Don't do} 34. Nxg7 $6 h5 $16) 34... Rg8 35. Re3 Bc4 {and the idea ...Kh7 leaves Black hopeful.} 36. Ne7+ Kf7 37. Nxg8 Kxg8 {[%mdl 4096] Endgame KRB-KBN} 38. Re8+ Kh7 39. Bf8 {Black must now prevent Re7.} Nd4 40. Re4 Nf3+ 41. Kg2 Ne5 42. Re3 g5 43. Bd6 Nf7 44. Re8 Kg6 45. Rg8+ Kh7 46. Rf8 Kg6 47. Kg3 h5 48. f4 hxg4 49. hxg4 gxf4+ 50. Bxf4 Bd5 51. Kh4 Bc6 52. Rg8+ Kh7 53. Rc8 Kg6 54. Bd2 Bd5 55. Bc3 Ng5 56. Rf8 Ne4 57. Bd4 Bc6 58. Rd8 Ng5 59. Kg3 Ne6 $2 (59... Kf7 {is a better defense.} 60. Be3 Ke7) 60. Rd6 Kf7 61. Bb2 Ke7 62. Kh4 Be8 63. Rd5 Ng7 64. Rd2 Bc6 65. Re2+ Ne6 66. Rf2 Nxc5 67. Bxf6+ Ke6 68. g5 Ne4 69. Rf4 {White is clearly winning.} Kf7 70. Kh5 {g6+ is the strong threat.} Ng3+ 71. Kh6 Be4 {intending ...Bg6.} 72. Bb2+ Ke6 (72... Nf5+ $142 73. Kh7 Bb1 74. g6+ Ke8) 73. g6 {Accuracy: White = 78%, Black = 55%.} 1-0

[Event "18th Rochefort Open 2019"]
[Site "Rochefort"]
[Date "2019.02.17"]
[Round "2.4"]
[White "Bouvet, Florian"]
[Black "Delorme, Axel"]
[Result "*"]
[WhiteElo "2194"]
[BlackElo "2498"]
[Annotator "TA"]
[PlyCount "42"]
[EventDate "2019.02.16"]
[EventType "swiss"]
[EventCountry "FRA"]
[SourceTitle "playchess.com"]
[Source "ChessBase"]
[SourceQuality "1"]

{[%evp 20,42,0,0,1,0,0,0,0,-24,7,8,3,-6,-6,-17,0,-6,0,-17,-14,-18,-25,-225,-241]} 1. e4 e5 2. Nf3 Nc6 3. Nc3 Nf6 4. Bb5 Bd6 5. a3 O-O 6. d3 a6 7. Bc4 Bc5 8. O-O h6 9. h3 Re8 10. Re1 d6 11. Be3 Bxe3 {C50: Hungarian Defence and Giuoco Pianissimo} 12. fxe3 Be6 13. Bxe6 {[#]} Rxe6 $146 {The position is equal.} ({Predecessor:} 13... fxe6 14. Rf1 Qe7 15. Qe1 Rf8 16. Qg3 Nh5 17. Qg4 Nf6 18. Qg3 Nh5 19. Qg4 Nf6 {½-½ (19) Kurmann,O (2420)-Erdos,V (2565) Berlin 2009}) 14. Qd2 d5 15. exd5 Nxd5 16. Nxd5 Qxd5 17. e4 Qc5+ 18. Qf2 Qe7 19. Qe3 Rd8 20. Rad1 Nd4 21. c3 $2 {[#]} (21. Nxd4 $11 {and White has nothing to worry.} exd4 22. Qd2) 21... Nc2 *